<?xml version="1.0" encoding="UTF-8"?><?xml-stylesheet type="text/xsl" href="static/style.xsl"?><OAI-PMH xmlns="http://www.openarchives.org/OAI/2.0/" xmlns:xsi="http://www.w3.org/2001/XMLSchema-instance" xsi:schemaLocation="http://www.openarchives.org/OAI/2.0/ http://www.openarchives.org/OAI/2.0/OAI-PMH.xsd"><responseDate>2026-04-14T04:35:45Z</responseDate><request verb="GetRecord" identifier="oai:www.recercat.cat:10256/15474" metadataPrefix="marc">https://recercat.cat/oai/request</request><GetRecord><record><header><identifier>oai:recercat.cat:10256/15474</identifier><datestamp>2024-06-18T11:53:29Z</datestamp><setSpec>com_2072_452955</setSpec><setSpec>com_2072_2054</setSpec><setSpec>col_2072_453077</setSpec></header><metadata><record xmlns="http://www.loc.gov/MARC21/slim" xmlns:dcterms="http://purl.org/dc/terms/" xmlns:xsi="http://www.w3.org/2001/XMLSchema-instance" xmlns:doc="http://www.lyncode.com/xoai" xsi:schemaLocation="http://www.loc.gov/MARC21/slim http://www.loc.gov/standards/marcxml/schema/MARC21slim.xsd">
   <leader>00925njm 22002777a 4500</leader>
   <datafield ind2=" " ind1=" " tag="042">
      <subfield code="a">dc</subfield>
   </datafield>
   <datafield ind2=" " ind1=" " tag="720">
      <subfield code="a">Huerta Buitrago, Belinda</subfield>
      <subfield code="e">author</subfield>
   </datafield>
   <datafield ind2=" " ind1=" " tag="720">
      <subfield code="a">Margiotta-Casaluci, Luigi</subfield>
      <subfield code="e">author</subfield>
   </datafield>
   <datafield ind2=" " ind1=" " tag="720">
      <subfield code="a">Rodríguez Mozaz, Sara</subfield>
      <subfield code="e">author</subfield>
   </datafield>
   <datafield ind2=" " ind1=" " tag="720">
      <subfield code="a">Scholze, Martin</subfield>
      <subfield code="e">author</subfield>
   </datafield>
   <datafield ind2=" " ind1=" " tag="720">
      <subfield code="a">Winter, Matthew J.</subfield>
      <subfield code="e">author</subfield>
   </datafield>
   <datafield ind2=" " ind1=" " tag="720">
      <subfield code="a">Barceló i Cullerés, Damià</subfield>
      <subfield code="e">author</subfield>
   </datafield>
   <datafield ind2=" " ind1=" " tag="720">
      <subfield code="a">Sumpter, John P.</subfield>
      <subfield code="e">author</subfield>
   </datafield>
   <datafield ind2=" " ind1=" " tag="260">
      <subfield code="c">2016-04-07</subfield>
   </datafield>
   <datafield ind2=" " ind1=" " tag="520">
      <subfield code="a">Environmental Toxicology and Chemistry published by Wiley Periodicals, Inc. on behalf of SETAC. Psychoactive drugs are frequently detected in the aquatic environment. The evolutionary conservation of the molecular targets of these drugs in fish suggests that they may elicit mode of action–mediated effects in fish as they do in humans, and the key open question is at what exposure concentrations these effects might occur. In the present study, the authors investigated the uptake and tissue distribution of the benzodiazepine oxazepam in the fathead minnow (Pimephales promelas) after 28 d of waterborne exposure to 0.8 μg L −1 , 4.7 μg L −1 , and 30.6 μg L −1 . Successively, they explored the relationship between the internal concentrations of oxazepam and the effects on fish exploratory behavior quantified by performing 2 types of behavioral tests, the novel tank diving test and the shelter-seeking test. The highest internal concentrations of oxazepam were found in brain, followed by plasma and liver, whereas muscle presented the lowest values. Average concentrations me asured in the plasma of fish from the 3 exposure groups were, respectively, 8.7 ± 5.7 μg L −1 , 30.3 ± 16.1 μg L −1 , and 98.8 ± 72.9 μg L −1 . Significant correlations between plasma and tissue concentrations of oxazepam were found in all 3 groups. Exposure of fish to 30.6 µg L −1 in water produced plasma concentrations within or just below the human therapeutic plasma concentration (H T PC) range in many individuals. Statistically significant behavioral effects in the novel tank diving test were observed in fish exposed to 4.7 μg L −1 . In this group, plasma concentrations of oxazepam were approximately one-third of the lowest H T PC value. No significant effects were observed in fish exposed to the lowest and highest concentrations. The significance of these results is discussed in the context of the species-specific behavior of fathead minnow and existing knowledge of oxazepam pharmacology. Environ Toxicol Chem 2016;35:2782–2790. © 2016 The Authors. Environmental Toxicology and Chemistry published by Wiley Periodicals, Inc. on behalf of SETAC</subfield>
   </datafield>
   <datafield ind2=" " ind1=" " tag="520">
      <subfield code="a">The present study was funded by Brunel University (London, UK), the Spanish Ministry of Economy and Competitiveness through the project WATER-Fate (CTM2012-38314-C0201), and the European Union through the European Regional Development Fund. The present study was partly supported by the Economy and Knowledge Department of the Catalan government (Consolidated Research Group 2014 SGR 291-ICRA). S. Rodriguez-Mozaz acknowledges Ramon y Cajal research fellowship RYC-2014-16707 from the Spanish Ministry of Economy and Competitiveness</subfield>
   </datafield>
   <datafield ind1="8" ind2=" " tag="024">
      <subfield code="a">http://hdl.handle.net/10256/15474</subfield>
   </datafield>
   <datafield tag="653" ind2=" " ind1=" ">
      <subfield code="a">Medicaments -- Aspectes ambientals</subfield>
   </datafield>
   <datafield tag="653" ind2=" " ind1=" ">
      <subfield code="a">Drugs -- Environmental aspects</subfield>
   </datafield>
   <datafield tag="653" ind2=" " ind1=" ">
      <subfield code="a">Toxicologia ambiental</subfield>
   </datafield>
   <datafield tag="653" ind2=" " ind1=" ">
      <subfield code="a">Environmental toxicology</subfield>
   </datafield>
   <datafield tag="653" ind2=" " ind1=" ">
      <subfield code="a">Contaminants emergents en l'aigua</subfield>
   </datafield>
   <datafield tag="653" ind2=" " ind1=" ">
      <subfield code="a">Emerging contaminants in water</subfield>
   </datafield>
   <datafield tag="653" ind2=" " ind1=" ">
      <subfield code="a">Peixos -- Efecte dels medicaments</subfield>
   </datafield>
   <datafield tag="653" ind2=" " ind1=" ">
      <subfield code="a">Fishes -- Effect of drugs on</subfield>
   </datafield>
   <datafield tag="653" ind2=" " ind1=" ">
      <subfield code="a">Mar -- Contaminació</subfield>
   </datafield>
   <datafield tag="653" ind2=" " ind1=" ">
      <subfield code="a">Marine pollution</subfield>
   </datafield>
   <datafield ind2="0" ind1="0" tag="245">
      <subfield code="a">Anti-anxiety drugs and fish behavior: establishing the link between internal concentrations of oxazepam and behavioral effects</subfield>
   </datafield>
</record></metadata></record></GetRecord></OAI-PMH>